00233 a2200109 4500001000700000020000600007040001100013100002100024240003700045245003200082362000900114168255 a  cMagnum aBienfait, Marcel10aOs desequilibrios estaticoslpor10aOs desequilibrios estaticos0 a1899